1732 1980 1949 1835 1137 1205 1487 1071 1234 1650 1836 1429 1628 1573 1498 1696 1802 1739 1383 1838 1910 1010 1923 1563 1571 1442 1558 1394 1555 1515 1301 1283 1887 1853 1595 1791 1732 1903 1884 1812 1678 1861 1124 1422 1223 1733 1148 1627 1037 1304 1169 1138 1897 1557 1506 1235 1623 1420 1352 1427 1781 1098 1176 1964 1205 1848 1363 1276 1026 1040 1203 1716 1373 1574 1980 1300 1161 1688 1124 1553 1920 1704 1385 1544 1814 1944 1862 1844 1796 1959 1419 1535 1658 1919 1875 1110 1871 1077 1795 BCNSPRNW ULIB Ver.6.0+V

เปลี่ยนเป็นภาษาไทย

Change to English
 แสดงรายละเอียดบรรณานุกรม
  กลับหน้าหลัก

Brief Record : Get Marc (ISO 2709) : E-mail record : QR code < ปิดหน้าต่าง
LEADER : 00000nam 2200000uu 4500
001    13399114519
003     ULIB
008    120411s2547||||th 000 0 tha d
020    ^a9744093234
060  4 ^aWA292^bร134อ 2547
100 0  ^aรติชน พีรยสถ์
245 00 ^aอุบัติเหตุในเด็กปฐมวัย/^cรติชน พีรยสถ์
250    ^aพิมพ์ครั้งที่ 1
260    ^aกรุงเทพฯ:^bสุขภาพใจ,^c2547
300    ^a135 หน้า:^bภาพประกอบ
650  7 ^aอุบัติเหตุ
650  7 ^aเด็กปฐมวัย
945    ^p100^l0^i24778
945    ^p100^l0^i13468
945    ^p100^l0^i13469
945    ^p100^l0^i13471
945    ^p100^l0^i13470
995    ^aกัณชพร
999    ^aใช้งานได้ทุกระบบ
รายการนี้ยังไม่มีแท็ก
คุณยังไม่ได้ล็อกอิน คุณสามารถมีกิจกรรมร่วมกับเว็บไซต์ได้ แต่ต้องล็อกอินก่อน ::
  ล็อกอิน

รายการสื่อสารสนเทศ

ลำดับที่ ประเภท เลขเรียก/บาร์โค้ด สถานที่ สถานะ
1. วิทยาศาสตร์การแพทย์ และสุขภาพ
วิทยาศาสตร์การแพทย์ และสุขภาพ
WA292 ร134อ 2547 ฉ.2 
  Barcode: 13468
ห้องสมุดวิทยาเขตสวรรค์ประชารักษ์
►หนังสือทั่วไป
บนชั้น
2. วิทยาศาสตร์การแพทย์ และสุขภาพ
วิทยาศาสตร์การแพทย์ และสุขภาพ
WA292 ร134อ 2547 ฉ.3 
  Barcode: 13469
ห้องสมุดวิทยาเขตสวรรค์ประชารักษ์
►หนังสือทั่วไป
บนชั้น
3. วิทยาศาสตร์การแพทย์ และสุขภาพ
วิทยาศาสตร์การแพทย์ และสุขภาพ
WA292 ร134อ 2547 ฉ.4 
  Barcode: 13471
ห้องสมุดวิทยาเขตสวรรค์ประชารักษ์
►หนังสือทั่วไป
บนชั้น
4. วิทยาศาสตร์การแพทย์ และสุขภาพ
วิทยาศาสตร์การแพทย์ และสุขภาพ
WA292 ร134อ 2547 ฉ.5 
  Barcode: 13470
ห้องสมุดวิทยาเขตสวรรค์ประชารักษ์
►หนังสือทั่วไป
บนชั้น

รายการใกล้เคียง
    หัวเรื่อง [อุบัติเหตุ]
    หัวเรื่อง [เด็กปฐมวัย]

BibComment


ยังไม่เคยถูกคอมเมนท์

คอมเมนท์ทรัพยากรรายการนี้
  คอมเมนท์: อุบัติเหตุในเด็ก..


 Copyright 2026. Bcnsprnw @Library